| 000 -LEADER |
| fixed length control field |
00699nam a2200193Ia 4500 |
| 008 - FIXED-LENGTH DATA ELEMENTS--GENERAL INFORMATION |
| fixed length control field |
200103s 1983 ||||xx |||||||||||||| ||und|| |
| 082 ## - DEWEY DECIMAL CLASSIFICATION NUMBER |
| Classification number |
341.75665 |
| Item number |
IMO |
| 110 ## - MAIN ENTRY--CORPORATE NAME |
| Corporate name or jurisdiction name as entry element |
International Maritime Organization |
| 245 #0 - TITLE STATEMENT |
| Title |
1983 amendments to the international convention for the safety of life at sea, 1974, Vol. 1 |
| Remainder of title |
Replacement texts of chapters 3 and 6, amendments to chapters 2-1, 2-2 and 4 |
| 260 ## - PUBLICATION, DISTRIBUTION, ETC. (IMPRINT) |
| Name of publisher, distributor, etc |
Bhandarkar Publications |
| Date of publication, distribution, etc |
1985 |
| Place of publication, distribution, etc |
Bombay |
| 300 ## - PHYSICAL DESCRIPTION |
| Extent |
99 p. |
| 650 ## - SUBJECT ADDED ENTRY--TOPICAL TERM |
| Topical term or geographic name as entry element |
Ships - Safety regulations |
| 650 ## - SUBJECT ADDED ENTRY--TOPICAL TERM |
| Topical term or geographic name as entry element |
Merchant marine - Safety measures |
| 650 ## - SUBJECT ADDED ENTRY--TOPICAL TERM |
| Topical term or geographic name as entry element |
Navigation |
| 650 ## - SUBJECT ADDED ENTRY--TOPICAL TERM |
| Topical term or geographic name as entry element |
Shipping |
| 650 ## - SUBJECT ADDED ENTRY--TOPICAL TERM |
| Topical term or geographic name as entry element |
Industrial safety |
| 650 ## - SUBJECT ADDED ENTRY--TOPICAL TERM |
| Topical term or geographic name as entry element |
Conference proceedings |
| 942 ## - ADDED ENTRY ELEMENTS (KOHA) |
| Item type |
Books |